Biology of larval filarids in Malaysia, with special emphasis on morphology and development /
Saved in:
| Main Author: | |
|---|---|
| Format: | Thesis Book |
| Language: | English |
| Published: |
Singapore,
1978.
|
| Subjects: | |
| Tags: |
Add Tag
No Tags, Be the first to tag this record!
|
| LEADER | 00798cam a2200241 a 4500 | ||
|---|---|---|---|
| 001 | u146848 | ||
| 003 | SIRSI | ||
| 008 | 920316s1978 si v 00 1 eng m | ||
| 035 | |a AAR-1485 | ||
| 040 | |a UMM | ||
| 043 | |a a-my--- | ||
| 090 | |a QL391 |b N4Yen | ||
| 100 | 1 | 0 | |a Yen, Peter Kim Foong. |
| 245 | 1 | 0 | |a Biology of larval filarids in Malaysia, with special emphasis on morphology and development / |c Peter Yen Kim-foong. |
| 260 | |a Singapore, |c 1978. | ||
| 300 | |a v, 125 leaves : |b illus. ; |c 30 cm. | ||
| 500 | |a Mimeographed. | ||
| 502 | |a Dissertation (M.Sc.) -- University of Singapore, 1978. | ||
| 504 | |a Bibliography: leaves 116-125. | ||
| 650 | 0 | |a Larvae |x Filarioida. | |
| 948 | |a 16/03/1992 |b 14/06/2002 | ||
| 596 | |a 1 | ||
| 999 | |a QL391 N4YEN |w LC |c 1 |i A002721719 |l STACKS |m P01UTAMA |r Y |s Y |t TESIS |u 24/3/1992 | ||
